| 000 | 00846nam a22002297a 4500 | ||
|---|---|---|---|
| 999 |
_c1078 _d1078 |
||
| 003 | AR-CdUCM | ||
| 008 | 190226b ||||| |||| 00| 0 spa d | ||
| 040 |
_aMUNICIPALIDAD PROVINCIAL DEL CUSCO _cBIBLIOTECA MUNICIPAL DEL CUSCO |
||
| 082 |
_a398 / _bQ76 |
||
| 100 |
_aQuispe Pontecil, Jaime _94202 |
||
| 245 |
_aLos cuentos de mi Tierra / _cQuispe Pontecil, Jaime |
||
| 260 |
_aCusco : _bLaurit Graff, _c2010. |
||
| 300 |
_a36 paginas ; _c19cm. |
||
| 505 | _aEl torito de color humo -- Las tres estrellas refulgentes -- El amor de la joven -- El hombre con bocio -- El rapto de la princesa... | ||
| 650 |
_aLibros peruanos _94203 |
||
| 650 |
_aCuentos folkloricos peruanos _94204 |
||
| 650 |
_aTradicional _94205 |
||
| 650 |
_aMitos y leyendas _94206 |
||
| 700 |
_aAchire Ccama, Nilda _94207 |
||
| 942 |
_2ddc _cLIBROS |
||
| 945 |
_apjha _d2019-02-26 |
||